000 00898nam a2200265 i 4500
001 bg
100 1 _aESCHENAUER, Hans
245 1 0 _aApplied structural mechanics :
_bfundamentals of elasticity, load-bearing structures, structural optimization : including exercises /
_cH. Eschenauer, N. Olhoff, W. Schnell.
260 _aBerlin [et al.] :
_bSpringer,
_c1997.
300 _a389 s. :
_brys. wykr. ;
_c24 cm.
504 _aBibliogr. s. 375-381. Indeks.
650 9 _aBudownictwo
_xmechanika
_xteoria
650 9 _aKonstrukcje
_xmechanika
_xbadanie
_xmetody
650 9 _aSprężystość
_xteoria
650 9 _aOptymalizacja
_xstosowanie
_xmechanika
700 1 _aOLHOFF, Niels
700 1 _aSCHNELL, Walter
020 _a3540612327
040 _cBPK
041 0 _aen
080 _a624.01/.07:539.3/.6
920 _a3-540-61232-7
942 _cKS
008 s pl f |000 0 pol
999 _c30978
_d30978
856 _uhttp://koha.tu.koszalin.pl/cgi-bin/koha/opac-detail.pl?biblionumber=30978
_yKatalog online BPK